000
00307nam a22001217a 4500
008
160505b xxu||||| |||| 00| 0 eng d
020
_a
9780766850118
020
_a
0766850110
041
_a
eng
080
_a
61
245
_a
Health assessment physical examination:
_c
Mary Ellen;Zator Estes;
942
_2
udc
_c
BK
999
_c
1830
_d
1830